<?xml version="1.0" encoding="UTF-8"?>
<collection xmlns="http://www.loc.gov/MARC21/slim">
 <record>
  <leader>01289nam a2200265 a 4500</leader>
  <controlfield tag="008">100525s2001    enk           000 1 eng d</controlfield>
  <datafield tag="020" ind1=" " ind2=" ">
   <subfield code="a">1853260622</subfield>
  </datafield>
  <datafield tag="040" ind1=" " ind2=" ">
   <subfield code="a">DLC</subfield>
   <subfield code="c">DLC</subfield>
   <subfield code="d">DLC</subfield>
   <subfield code="d">BD-DhAAL</subfield>
  </datafield>
  <datafield tag="082" ind1="0" ind2="0">
   <subfield code="a">891.73/3</subfield>
   <subfield code="2">20</subfield>
  </datafield>
  <datafield tag="100" ind1="1" ind2=" ">
   <subfield code="a">Tolstoy, Leo,</subfield>
   <subfield code="c">graf,</subfield>
   <subfield code="d">1828-1910.</subfield>
  </datafield>
  <datafield tag="240" ind1="1" ind2="0">
   <subfield code="a">Voĭna i mir.</subfield>
   <subfield code="l">English</subfield>
  </datafield>
  <datafield tag="245" ind1="1" ind2="0">
   <subfield code="a">War and peace /</subfield>
   <subfield code="c">Leo Tolstoy ; translated by Louise and Aylmer Maude, introduction and notes Henry and Olga Claridge.</subfield>
  </datafield>
  <datafield tag="260" ind1=" " ind2=" ">
   <subfield code="a">London :</subfield>
   <subfield code="b">Wordsworth Classics,</subfield>
   <subfield code="c">2001</subfield>
  </datafield>
  <datafield tag="300" ind1=" " ind2=" ">
   <subfield code="a">xxix, 994 p. :</subfield>
   <subfield code="c">20 cm.</subfield>
  </datafield>
  <datafield tag="490" ind1="0" ind2=" ">
   <subfield code="a">Wordsworth Classics</subfield>
  </datafield>
  <datafield tag="541" ind1="1" ind2=" ">
   <subfield code="e">00020334</subfield>
  </datafield>
  <datafield tag="650" ind1=" " ind2="0">
   <subfield code="a">Napoleonic Wars, 1800-1815</subfield>
   <subfield code="x">Campaigns</subfield>
   <subfield code="z">Russia</subfield>
   <subfield code="x">Fiction.</subfield>
  </datafield>
  <datafield tag="651" ind1=" " ind2="0">
   <subfield code="a">Russia</subfield>
   <subfield code="x">History</subfield>
   <subfield code="y">Alexander I, 1801-1825</subfield>
   <subfield code="x">Fiction.</subfield>
  </datafield>
  <datafield tag="700" ind1="1" ind2=" ">
   <subfield code="a">Maude, Louise Shanks,</subfield>
   <subfield code="d">1855-1939.</subfield>
  </datafield>
  <datafield tag="700" ind1="1" ind2=" ">
   <subfield code="a">Maude, Aylmer,</subfield>
   <subfield code="d">1858-1938.</subfield>
  </datafield>
  <datafield tag="830" ind1=" " ind2="0">
   <subfield code="a">Great books of the Western world (1990) ;</subfield>
   <subfield code="v">51.</subfield>
  </datafield>
  <datafield tag="852" ind1="4" ind2=" ">
   <subfield code="a">Ayesha Abed Library</subfield>
   <subfield code="j">General shelf</subfield>
  </datafield>
  <datafield tag="999" ind1=" " ind2=" ">
   <subfield code="c">8711</subfield>
   <subfield code="d">8711</subfield>
  </datafield>
  <datafield tag="952" ind1=" " ind2=" ">
   <subfield code="0">0</subfield>
   <subfield code="1">0</subfield>
   <subfield code="2">ddc</subfield>
   <subfield code="4">0</subfield>
   <subfield code="6">891_733000000000000_TOL_2001</subfield>
   <subfield code="7">0</subfield>
   <subfield code="9">10512</subfield>
   <subfield code="a">BRACUL</subfield>
   <subfield code="b">BRACUL</subfield>
   <subfield code="c">GEN</subfield>
   <subfield code="d">2010-05-25</subfield>
   <subfield code="l">9</subfield>
   <subfield code="m">84</subfield>
   <subfield code="o">891.733 TOL</subfield>
   <subfield code="p">3010020334</subfield>
   <subfield code="q">2026-05-07</subfield>
   <subfield code="r">2025-06-21</subfield>
   <subfield code="s">2025-06-21</subfield>
   <subfield code="t">1</subfield>
   <subfield code="w">2010-05-25</subfield>
   <subfield code="y">BK</subfield>
  </datafield>
  <datafield tag="952" ind1=" " ind2=" ">
   <subfield code="0">0</subfield>
   <subfield code="1">4</subfield>
   <subfield code="2">ddc</subfield>
   <subfield code="4">0</subfield>
   <subfield code="6">891_733000000000000_TOL</subfield>
   <subfield code="7">0</subfield>
   <subfield code="9">10520</subfield>
   <subfield code="a">BRACUL</subfield>
   <subfield code="b">BRACUL</subfield>
   <subfield code="c">GEN</subfield>
   <subfield code="d">2010-05-25</subfield>
   <subfield code="l">0</subfield>
   <subfield code="o">891.733 TOL</subfield>
   <subfield code="p">3010020277</subfield>
   <subfield code="r">2010-05-25</subfield>
   <subfield code="t">2</subfield>
   <subfield code="w">2010-05-25</subfield>
   <subfield code="y">BK</subfield>
   <subfield code="x">Koha Inventory 2020</subfield>
  </datafield>
 </record>
</collection>
